00589nam a2200181Ia 4500003000400000008004100004040001600045082002300061100003200084245010200116260003800218300001100256490000500267650002600272650003400298650003000332650004500362GCL140319s9999 xx 000 0 ara d aGCL / cGCL04aقb447.932bع ق1 aعبدالمحسن بكير10aقواعد اللغة المصرية فى عصرها الذهبى / cعبدالمحسن بكير a[S.N] : bلا يوجد ، c1958 a136 ص a04aمصر القديمة04aاللغة اللاتينية04aاللغة القبطية04aاللغة المصرية القديمة